UM Logo

Pagtuturo ng Filipino bilang pangalawang wika sa mga di tagalog at ang epekto nito sa pagkatutong linggwistika ng mga mag-aaral sa Digos City national high school/ (Record no. 2971)

MARC details
000 -LEADER
fixed length control field 00615nam a22001457a 4500
008 - FIXED-LENGTH DATA ELEMENTS--GENERAL INFORMATION
fixed length control field 160603b xxu||||| |||| 00| 0 eng d
082 ## - DEWEY DECIMAL CLASSIFICATION NUMBER
Edition number 2012
Classification number UT 0327
Item number B12
100 ## - MAIN ENTRY--PERSONAL NAME
9 (RLIN) 9905
Personal name Bacamante, Ramel R.
245 ## - TITLE STATEMENT
Title Pagtuturo ng Filipino bilang pangalawang wika sa mga di tagalog at ang epekto nito sa pagkatutong linggwistika ng mga mag-aaral sa Digos City national high school/
Statement of responsibility, etc. Ramel R. Bacamante and Riza R. Hernan.
260 ## - PUBLICATION, DISTRIBUTION, ETC. (IMPRINT)
Place of publication, distribution, etc. Digos City:
Name of publisher, distributor, etc. UMDC
Date of publication, distribution, etc. Enero 14, 2012.
300 ## - PHYSICAL DESCRIPTION
Extent 47 pages;
Dimensions 29 cm.
650 #0 - SUBJECT ADDED ENTRY--TOPICAL TERM
9 (RLIN) 9903
Topical term or geographic name as entry element Education
Form subdivision Filipino
General subdivision Undergraduate thesis.
700 ## - ADDED ENTRY--PERSONAL NAME
9 (RLIN) 9901
Personal name Hernan, Riza R.
942 ## - ADDED ENTRY ELEMENTS (KOHA)
Source of classification or shelving scheme Dewey Decimal Classification
Koha item type Undergraduate Thesis
Holdings
Withdrawn status Lost status Source of classification or shelving scheme Damaged status Not for loan Collection code Home library Current library Date acquired Total Checkouts Full call number Barcode Date last seen Price effective from Koha item type
    Dewey Decimal Classification     Undergraduate Theses UM Digos College - LIC UM Digos College - LIC 06/03/2016   UT 0327 B12 2012 UT0327 06/03/2016 06/03/2016 Undergraduate Thesis